000 00485cam a2200193ua 4500
020 _c28.75
041 _aeng
_h
082 _a571.1
_bDOB/EV
100 _aDobzhansky, Theodosices .
245 _aEvolution genetics and man /
_cTheodosices Dobzhansky.
_hTextual Documents
250 _a1 /
_b.
260 _aLondon :
_bJohn Wiley & Sons ,
_c1961.
300 _a398 ; .
365 _a28.75
500 _a**Reference
504 _a
942 _cBK
999 _c10311
_d10311